[Event "American Zonal 2_5 Open"]
[Site "Montevideo, URU"]
[Date "2013.04.23"]
[Round "7.27"]
[White "Iduate, Guillermo"]
[Black "Tramutolo, Gustavo"]
[Result "1-0"]
[WhiteElo "1855"]
[BlackElo "1626"]

1. e4 e5 2. Nf3 Nc6 3. Bc4 Nf6 4. Ng5 d5 5. exd5 Nd4 6. d6 Be6 7. Nxe6 fxe6
8. c3 Nc6 9. dxc7 Qxc7 10. Bxe6 Qd6 11. Qb3 Nd8 12. Bf5 g6 13. Qa4+ Nc6 14.
Be4 Nxe4 15. Qxe4 Bh6 16. O-O O-O 17. b3 Rf4 18. Qe2 e4 19. Na3 Ne5 20. Nc4 Qd3
21. Qxd3 Nxd3 22. Nb2 Rd8 23. Nxd3 Rxd3 24. Ba3 Rf5 25. Rfe1 Re5 26. Re2
Rxd2 27. Rxd2 Bxd2 28. c4 Rf5 29. Rd1 e3 30. fxe3 Bxe3+ 31. Kh1 Rf2 32. Bc1 Bxc1
33. Rxc1 Rxa2 34. h3 Rb2 35. Rc3 b6 36. Kh2 a5 37. Kg3 Kg7 38. Kf3 Ra2 39.
g4 g5 40. Ke4 a4 41. bxa4 Rxa4 42. Kd5 Kf6 43. Kc6 Rb4 44. Kd5 Rb1 45. Ra3 Kg6
46. Ra6 h5 47. c5 Rd1+ 48. Ke4 Re1+ 49. Kf3 hxg4+ 50. hxg4 Re7 51. cxb6 Rb7
52. Ke4 Kf6 53. Kd5 Rb8 54. b7+ Kf7 55. Kc6 Re8 56. Ra8 Re6+ 57. Kd5 Re7 58.
b8=Q Rd7+ 59. Ke4 Re7+ 1-0

[Event "American Zonal 2_5 Open"]
[Site "Montevideo, URU"]
[Date "2013.04.24"]
[Round "8.1"]
[White "Felgaer, Ruben"]
[Black "Bachmann, Axel"]
[Result "1/2-1/2"]
[WhiteElo "2585"]
[BlackElo "2529"]

1. e4 e5 2. Nf3 Nc6 3. Bb5 a6 4. Ba4 Nf6 5. O-O Be7 6. d3 d6 7. c3 O-O 8. Re1
b5 9. Bc2 Re8 10. Nbd2 Bf8 11. h3 d5 12. d4 Bb7 13. exd5 Nxd5 14. Ne4 f5 15.
Ng3 e4 16. Bb3 g6 17. h4 Na5 18. Bg5 Qd6 19. Ne5 Nxb3 20. Qxb3 c5 21. h5 Bg7
22. h6 Bf8 23. Ne2 Rac8 24. a4 c4 25. Qc2 b4 26. a5 Rxe5 27. dxe5 Qxe5 28.
Rad1 f4 29. Rxd5 Qxd5 30. Bxf4 Qxa5 31. Ng3 Re8 32. Be3 bxc3 33. bxc3 Bc6 34.
Rb1 Qd5 35. Rd1 Qe5 36. Qa2 Qxc3 37. Qxa6 Qb3 38. Qxc6 Qxd1+ 39. Kh2 Re5 40.
Nxe4 Qh5+ 41. Kg1 Qd1+ 42. Kh2 Qh5+ 43. Kg1 Qf5 44. Qxc4+ Qe6 45. Nf6+ Kf7
46. Nd7 Rd5 47. Qf4+ Qf5 48. Qxf5+ Rxf5 49. Nxf8 Kxf8 50. g4 Rb5 51. Kg2 Kf7
52. f4 Ke6 53. Kf3 Kd5 54. f5 gxf5 55. gxf5 Ke5 56. f6 Kxf6 57. Bd4+ Kf5 58.
Bg7 Rb3+ 59. Ke2 Ke4 60. Kd2 Rd3+ 61. Kc2 Rd6 62. Bf8 Rd8 63. Bg7 Ke3 64. Kc3
Rc8+ 65. Kb3 Ke4 66. Kb4 Kd3 67. Kb5 Rc4 68. Bh8 Rc8 69. Bg7 Ke4 70. Kb4 Kd5
71. Kb3 Ke6 72. Kb2 Rc7 73. Kb3 Rc8 74. Kb2 Rc4 75. Kb3 Kd5 76. Bh8 Kc5 77.
Bf6 Kb5 78. Bg7 Rc6 79. Bf8 Rf6 80. Bg7 Rf3+ 81. Kc2 Kc4 82. Kd2 Kd5 83. Ke2
Ke4 84. Kd2 Rd3+ 85. Kc2 Ke3 86. Bh8 Rd6 87. Bg7 Rc6+ 88. Kb3 Ke4 89. Kb4 Rc7
90. Bh8 Kf5 91. Kb5 Kg6 92. Bg7 Kf7 93. Be5 Rc8 94. Bg7 Rg8 95. Kc4 Rxg7 96.
hxg7 h5 97. Kd3 h4 98. Ke3 h3 99. Kf3 h2 100. Kg2 Kxg7 101. Kxh2 1/2-1/2

[Event "American Zonal 2_5 Open"]
[Site "Montevideo, URU"]
[Date "2013.04.24"]
[Round "8.3"]
[White "Alonso, Salvador"]
[Black "Salinas Herrera, Pablo"]
[Result "1/2-1/2"]
[WhiteElo "2521"]
[BlackElo "2401"]

1. e4 c5 2. Nf3 d6 3. d4 cxd4 4. Nxd4 Nf6 5. Nc3 a6 6. Be2 e5 7. Nb3 Be7 8.
Bg5 Be6 9. Bxf6 Bxf6 10. O-O Nc6 11. a4 O-O 12. Nd5 Bg5 13. a5 Rb8 14. c3 Kh8
15. Bc4 g6 16. Qe2 Bh6 17. Rfd1 Qg5 18. Rd3 f5 19. Rg3 Qd8 20. Rh3 Bg5 21.
Nb6 Bxc4 22. Nxc4 fxe4 23. Rd1 d5 24. Nc5 Rf7 25. Nxe4 Be7 26. Ncd6 Rf4 27.
Rxd5 Qg8 28. Rd1 Rbf8 29. b4 Qb3 30. Rhd3 Bxd6 31. Rxd6 Nd4 32. cxd4 Rxe4 33.
Qd2 Qc4 34. Rd7 Ref4 35. f3 exd4 36. Rc1 Qe6 37. Rcc7 R8f7 38. Rxf7 Rxf7 39.
Qxd4+ Kg8 40. Rc1 h5 41. h3 Kh7 42. Rd1 Re7 43. Kh2 Qf5 44. Qd6 Qf7 45. Rd4 Re6
46. Rf4 Qe7 47. Qxe7+ Rxe7 48. Re4 Rc7 49. Re8 Kh6 50. Re6 Kg5 51. h4+ Kf5
52. Rb6 Rg7 53. Kg3 Rc7 54. Kh2 Rg7 55. Kg1 Rc7 56. b5 axb5 57. Rxb5+ Kf4 58.
Kh2 Rd7 59. Rb4+ Kf5 60. g4+ hxg4 61. fxg4+ Ke5 62. Kg2 Rd2+ 63. Kf3 Rd3+ 64.
Ke2 Rh3 65. Rxb7 Rxh4 66. a6 Rh2+ 67. Kf3 Rh3+ 68. Ke2 Ra3 69. a7 Kf4 70.
Kd2 Kxg4 71. Kc2 g5 72. Kb2 Ra6 73. Kb3 1/2-1/2

[Event "American Zonal 2_5 Open"]
[Site "Montevideo, URU"]
[Date "2013.04.24"]
[Round "8.4"]
[White "Almiron, Antonio"]
[Black "Flores, Diego"]
[Result "0-1"]
[WhiteElo "2194"]
[BlackElo "2600"]

1. e4 c6 2. d4 d5 3. Nc3 dxe4 4. Nxe4 Nd7 5. Ng5 Ngf6 6. Bc4 e6 7. Qe2 Nb6 8.
Bd3 h6 9. N5f3 c5 10. dxc5 Bxc5 11. Bd2 Nbd5 12. O-O-O Qc7 13. Nh3 Bd7 14.
Ne5 Ba4 15. Bb5+ Bxb5 16. Qxb5+ Ke7 17. Nf4 Rac8 18. Nxd5+ Nxd5 19. Rhe1 Bd6
20. Kb1 Qxc2+ 21. Ka1 Bxe5 22. Bb4+ Kf6 0-1

[Event "American Zonal 2_5 Open"]
[Site "Montevideo, URU"]
[Date "2013.04.24"]
[Round "8.5"]
[White "Coppola, Claudio"]
[Black "Rodriguez Vila, Andres"]
[Result "1-0"]
[WhiteElo "2173"]
[BlackElo "2503"]

1. d4 e6 2. c4 Nf6 3. g3 Bb4+ 4. Bd2 Qe7 5. Bg2 Nc6 6. Nf3 Bxd2+ 7. Nbxd2 d6
8. O-O a5 9. e4 e5 10. d5 Nb8 11. b3 O-O 12. a3 Na6 13. b4 Bd7 14. Qb3 axb4
15. axb4 c5 16. b5 Nb4 17. Rfc1 Ng4 18. Ne1 f5 19. f3 Nh6 20. Nd3 Qg5 21. f4
exf4 22. gxf4 Qg4 23. Nxb4 Qxf4 24. Nf1 Rxa1 25. Nd3 Qh4 26. Rxa1 fxe4 27. Ne1
Qf2+ 28. Kh1 Ng4 29. Nc2 Ne5 30. Bxe4 Qh4 31. Bg2 Bf5 32. Nce3 Be4 33. Ng3
Bxg2+ 34. Kxg2 Nf3 35. Nef5 Qxh2+ 36. Kxf3 Qh3 37. Qd3 h5 38. Rh1 Qg4+ 39. Kg2
Ra8 40. Ne7+ Kf7 41. Qf5+ 1-0

[Event "American Zonal 2_5 Open"]
[Site "Montevideo, URU"]
[Date "2013.04.25"]
[Round "9.1"]
[White "Mareco, Sandro"]
[Black "Felgaer, Ruben"]
[Result "1/2-1/2"]
[WhiteElo "2580"]
[BlackElo "2585"]

1. d4 d5 2. c4 c6 3. Nf3 Nf6 4. Nc3 dxc4 5. a4 Bf5 6. Ne5 e6 7. f3 Bb4 8.
Nxc4 O-O 9. Kf2 c5 10. Na2 Nc6 11. Nxb4 Nxb4 12. e4 Bg6 13. Qb3 Nxe4+ 14. fxe4
Qxd4+ 15. Be3 Qxe4 16. Be2 Qh4+ 17. Kg1 Rfd8 18. Bf2 Qe7 19. Qc3 b6 20. h4 Be4
21. Rh3 f6 22. h5 h6 23. Rf1 Nd5 24. Qc1 e5 25. Bg3 Kh8 26. Rh4 Bh7 27. Rg4
Rd7 28. Bf3 Rad8 29. Be4 Qe6 30. Rh4 Nf4 31. Bxf4 Bxe4 32. Bxe5 Bd3 33. Rxf6
gxf6 34. Qxh6+ Kg8 35. Bxf6 Bxc4 36. Qg5+ Kf8 37. Bxd8 Ke8 38. Bf6 Rd5 39.
Qg6+ Kd7 40. Re4 Rd1+ 41. Kf2 Rf1+ 42. Kg3 Qd6+ 43. Be5 Qxg6+ 44. hxg6 Bd5 45.
Rg4 Re1 46. Bc3 Re2 47. Kh2 Re4 48. Rg5 Bg8 49. a5 Kc6 50. axb6 axb6 51. Kh3
b5 52. g4 b4 53. Bg7 Re8 54. Kh4 c4 55. Rf5 Re4 56. Bf8 Be6 57. Kg5 c3 58.
bxc3 bxc3 59. g7 c2 60. Ba3 Kd7 61. Bc1 Rd4 62. Kh5 1/2-1/2

[Event "American Zonal 2_5 Open"]
[Site "Montevideo, URU"]
[Date "2013.04.25"]
[Round "9.2"]
[White "Vasquez Schroeder, Rodrigo"]
[Black "Vazquez, Guillermo"]
[Result "1/2-1/2"]
[WhiteElo "2547"]
[BlackElo "2351"]

1. Nf3 Nf6 2. c4 e6 3. Nc3 Bb4 4. Qc2 d5 5. a3 Bxc3 6. Qxc3 O-O 7. e3 a5 8.
b3 Nbd7 9. Bb2 b6 10. Be2 Bb7 11. d3 c5 12. O-O Re8 13. Ne5 Nxe5 14. Qxe5 Qb8
15. Qg5 e5 16. f4 d4 17. e4 exf4 18. Rxf4 Re5 19. Rf5 Rxf5 20. Qxf5 Qc8 21.
Qf4 Qe6 22. Rf1 Re8 23. b4 Qe7 24. bxc5 bxc5 25. Bc1 a4 26. Qg3 Nd7 27. Bh5 g6
28. Bf4 Ne5 29. Bd1 Bc6 30. Bg5 Qd6 31. Be2 Re6 32. Qf4 Be8 33. Qh4 Qb8 34.
Rf6 Qb1+ 35. Bf1 Qb6 36. h3 Rxf6 37. Bxf6 Qe6 38. Be2 Nd7 39. Bg5 f6 40. Bg4
Qe7 41. Bd2 Ne5 42. Be2 Kg7 43. Qh6+ Kg8 44. Qf4 Kg7 45. h4 h5 46. Qh6+ Kg8
47. Be1 Qd6 48. Bg3 Qb8 49. Kf2 Qc7 50. Qd2 Kf7 51. Bf4 Bd7 52. g3 Kg7 53. Bd1
Bc6 54. Be2 Kh7 55. Ke1 Kg7 56. Kd1 Qb6 57. Qc2 Bd7 58. Kc1 Kf7 59. Bd1 Kg7
60. Qd2 Qc7 61. Bc2 Kf7 62. Qf2 Kg7 63. Bd2 Qb6 64. Qf4 Nf7 65. Qf2 Ne5 66.
Bf4 Qc7 67. Kb1 Qb8+ 68. Ka1 Qc7 69. Qd2 Kf7 70. Qd1 Qa5 71. Bd2 Qa6 72. Qb1
Qa7 73. Qb2 Qc7 74. Kb1 Qa7 75. Ka2 Qc7 76. Bf4 Qa7 77. Qc1 Qc7 78. Qf1 Kg7
79. Bd2 Qb6 80. Qd1 Qa7 81. Bf4 Qa6 82. Qd2 Qb6 83. Bd1 Qc7 84. Bc2 Qb6 85. Qd1
Qa6 86. Kb2 Qb6+ 87. Kc1 Qa5 1/2-1/2

[Event "American Zonal 2_5 Open"]
[Site "Montevideo, URU"]
[Date "2013.04.25"]
[Round "9.4"]
[White "Flores, Diego"]
[Black "Coppola, Claudio"]
[Result "0-1"]
[WhiteElo "2600"]
[BlackElo "2173"]

1. Nf3 Nf6 2. c4 c5 3. g3 d5 4. cxd5 Nxd5 5. Bg2 Nc6 6. Nc3 g6 7. d3 Bg7 8.
Bd2 O-O 9. O-O Nc7 10. a3 b6 11. Qa4 Bd7 12. Qh4 e5 13. b4 Ne6 14. Ng5 Nxg5
15. Bxg5 f6 16. Bd2 Rc8 17. bxc5 bxc5 18. Rab1 Be6 19. Rb7 Rf7 20. Rxf7 Bxf7
21. Qa4 Na5 22. Nd5 Bxd5 23. Bxa5 Qd6 24. Rc1 Bxg2 25. Kxg2 Qc6+ 26. Qxc6 Rxc6
27. Bd2 Bf8 28. f4 exf4 29. gxf4 f5 30. Rc4 Kf7 31. Kf3 Ke6 32. e4 Rb6 33.
Ra4 a6 34. Be3 Kd7 35. Ke2 Ke6 36. Rc4 Rb2+ 37. Bd2 Bh6 38. e5 g5 39. d4 Bf8
40. fxg5 Kd5 41. Rc3 cxd4 42. Rh3 Rb7 43. Rf3 Kxe5 44. h4 h5 45. Bb4 Bxb4 46.
axb4 Rxb4 47. Ra3 Rb6 48. Kf3 Rd6 49. Ra5+ Ke6 50. Ke2 d3+ 51. Kd2 f4 52. g6
Kf6 53. Rxh5 f3 54. Ra5 Kxg6 55. Rg5+ Kf7 56. Rg1 f2 57. Rf1 Rf6 58. Kxd3 Kg6
59. Ke2 a5 60. h5+ Kxh5 61. Ra1 f1=Q+ 62. Rxf1 Rxf1 63. Kxf1 a4 0-1

[Event "American Zonal 2_5 Open"]
[Site "Montevideo, URU"]
[Date "2013.04.25"]
[Round "9.5"]
[White "Salinas Herrera, Pablo"]
[Black "Lopez Azambuja, Nicolas"]
[Result "1/2-1/2"]
[WhiteElo "2401"]
[BlackElo "2173"]

1. Nf3 Nf6 2. c4 e6 3. Nc3 Bb4 4. a3 Bxc3 5. dxc3 b6 6. g3 Bb7 7. Bg2 d6 8.
O-O O-O 9. h3 Nbd7 10. Be3 Qc8 11. b4 Rd8 12. Qb3 Be4 13. Rfd1 Qb7 14. Bf1
Bxf3 15. exf3 Ne5 16. Bg2 Nxf3+ 17. Kh1 Nd7 18. Qc2 Nde5 19. Bf4 f5 20. Bxe5
dxe5 21. Qe2 e4 22. Bxf3 exf3 23. Qxe6+ Kh8 24. Qxf5 Qc6 25. Rxd8+ Rxd8 26. Re1
Qxc4 27. Qxf3 h6 28. Kg2 a5 29. Re7 c5 30. bxa5 bxa5 31. Re4 Qb3 32. a4 c4
33. Qf7 Qxa4 34. Rxc4 Qb3 35. Qc7 Rf8 36. Qc5 Ra8 37. Qc6 Rf8 38. Rg4 Qb2 39.
Qc5 Qb7+ 40. Kh2 Qf3 41. Ra4 Qxf2+ 42. Qxf2 Rxf2+ 43. Kh1 Rf3 44. Kg2 Rxc3 45.
Rxa5 Kh7 46. h4 Kg6 47. Kh3 h5 48. Ra4 Rb3 49. Ra5 Rc3 50. Ra4 Rb3 51. Ra5
1/2-1/2